000 00352nam a22001337a 4500
082 _a625.1
_bRAN
100 _aBangwala. S.C
_943493
245 _aPrinciples of railway engineering.
260 _aIndia
_bahalotor Book Stall
300 _a272 p. :
_bill. :
_c6 Cm
526 _a0
_b0
_c0
_d625_100000000000000_RAN
650 _aMCE
_9379
942 _2ddc
_cBK
999 _c547285
_d547285